[Event "Jam Bushehr Sepehrmanesh Memorial"]
[Site "Jam Bushehr"]
[Date "2018.04.13"]
[Round "4.3"]
[White "Rajabi, Hamid"]
[Black "Mohammadian, Omran"]
[Result "0-1"]
[WhiteElo "1622"]
[BlackElo "1759"]
[PlyCount "84"]
[EventDate "2018.04.12"]
[EventType "swiss"]
[EventRounds "9"]
[EventCountry "IRI"]
[SourceTitle "EXT 2024"]
[Source "ChessBase"]
[SourceDate "2023.10.10"]
[SourceVersion "1"]
[SourceVersionDate "2023.10.10"]
[SourceQuality "1"]

1. e4 e5 2. Nc3 Bc5 3. f4 Bxg1 4. Rxg1 Qh4+ 5. g3 Qxh2 6. Rg2 Qh3 7. Nd5 d6 8. f5 Kd8 9. Qf3 Nh6 10. Ne3 Nc6 11. c3 g6 12. fxg6 Qe6 13. g7 Rg8 14. Bc4 Qg6 15. d3 Rxg7 16. Bd2 Ng4 17. 0-0-0 Nxe3 18. Qxe3 Be6 19. Bxe6 fxe6 20. Rh1 Kd7 21. Rh6 Qg4 22. Rh4 Qg6 23. Rh6 Qf7 24. Rf2 Qg8 25. Rg2 Rf8 26. g4 Qf7 27. Qe2 Ne7 28. Rhh2 Ng6 29. Bh6 Nf4 30. Qf3 Nxg2 31. Qxf7+ Rfxf7 32. Bxg7 Nf4 33. Rxh7 Nxd3+ 34. Kc2 Ne1+ 35. Kd1 Nf3 36. Ke2 Ng5 37. Rh5 Rxg7 38. Ke3 Nh7 39. Kf3 Rf7+ 40. Kg3 Nf6 41. Rh6 Nxe4+ 42. Kh4 Rf2 0-1